• 首页
  • 本馆介绍
  • 公告通知
  • 最新文献
  • 馆藏检索
  • 电子资源
  • 读者导购
  • 参考咨询
  • 我的图书馆
  • 登录
  • 详细信息显示
  • 放入我的书架
  • 预约/预借图书
  • 作者相关作品
  • 分类相关作品
  • 丛书相关作品
  • 出版社相关作品

书目信息

  • 表格格式
  • 工作单格式
  • 卡片格式
题名:
食品工艺实验与检验技术
    
 
作者: 蔺毅峰 主编
分册:  
出版信息: 北京   中国轻工业出版社  2010
页数: 262页
开本: 26cm
丛书名:
单 册:
中图分类: TS201.1-33 , TS207.3
科图分类:
主题词: 食品工艺学--实验--高等学校--教材 , 食品检验--高等学校--教材 , 食品工艺学 , 食品检验
电子资源:
ISBN: 978-7-5019-4476-7
000 00943nam0 2200289 45
001 1033016593
005 20100407095805.60
010    @a978-7-5019-4476-7@dCNY28.00
100    @a20100331e2010 em y0chiy0110 ea
101 0  @achi
102    @aCN@b110000
105    @ay z 000yy
106    @ar
200 1  @a食品工艺实验与检验技术@AShi Pin Gong Yi Shi Yan Yu Jian Yan Ji Shu@f蔺毅峰主编@FLin Yi Feng Zhu Bian
210    @a北京@c中国轻工业出版社@d2010
215    @a262页@d26cm
300    @a高等学校专业教材
330    @a本书注重介绍酒类食品、发酵食品、果蔬制品、肉禽制品、软饮料等的制作方法,还介绍了食品分析和食品检验的方法。
606 0  @a食品工艺学@x实验@x高等学校@j教材
606 0  @a食品检验@x高等学校@j教材
606 0  @a食品工艺学
606 0  @a食品检验
690    @aTS201.1-33@v4
690    @aTS207.3@v4
701  0 @a蔺毅峰@ALin Yi Feng@4主编
801  0 @aCN@bTANGWEI@c20100407
905    @b0587535-39@dTS201.1-33@e112@f5
    
    食品工艺实验与检验技术/蔺毅峰主编.-北京:中国轻工业出版社,2010
    262页;26cm
    高等学校专业教材
    
    ISBN 978-7-5019-4476-7:CNY28.00
    本书注重介绍酒类食品、发酵食品、果蔬制品、肉禽制品、软饮料等的制作方法,还介绍了食品分析和食品检验的方法。
●
相关链接 在E读中查询图书 在五车中查询图书 在当当中查询图书 在豆瓣中查询图书


正题名:食品工艺实验与检验技术     索取号:TS201.1-33/112         预约/预借

序号 登录号 条形码 馆藏地/架位号 状态 备注
1 0587535   205875356   第二样本阅览室/ [索取号:TS201.1-33/112] 在馆    
2 0587536   205875365   第三借阅区/ [索取号:TS201.1-33/112] 在馆    
3 0587537   205875374   第三借阅区/ [索取号:TS201.1-33/112] 在馆    
4 0587538   205875383   第三借阅区/ [索取号:TS201.1-33/112] 在馆    
5 0587539   205875392   第三借阅区/ [索取号:TS201.1-33/112] 在馆    
唐山师范学院图书馆 欢迎您!
大连网信软件有限公司© 版权所有